Diễn ca Khmer Nam Bộ

Αποθηκεύτηκε σε:
Λεπτομέρειες βιβλιογραφικής εγγραφής
Κύριος συγγραφέας: Hoàng Túc
Μορφή: Άγνωστο
Γλώσσα:Vietnamese
Έκδοση: Thời Đại 2011
Θέματα:
Ετικέτες: Προσθήκη ετικέτας
Δεν υπάρχουν, Καταχωρήστε ετικέτα πρώτοι!
Thư viện lưu trữ: Mạng thư viện Đại học Đà Nẵng
LEADER 00872na a2200265 4500
001 000030488
003 4069
005 20151001092256.0
008 151001s2011 000 vie
020 |a 9786049162695 
082 |a 398.9  |b HO-T 
100 |a Hoàng Túc 
245 |a Diễn ca Khmer Nam Bộ  |c Hoàng Túc 
260 |a Thời Đại  |c 2011 
300 |a 291tr. : mh ; 21cm 
650 |a Diễn ca, Nam Bộ, Hoàng Túc, 2011 
OWN |a LNN 
AVA |a UDN50  |b LNN  |d 398.9 HO-T  |e available  |t Error 5001 Not defined in file expand_doc_bib_avail.  |f 1  |g 0  |h N  |i 0  |k 1 
999 |a From the UDN01 
AVA |a UDN50  |b LNN  |d 398.9 HO-T  |e available  |t Error 5001 Not defined in file expand_doc_bib_avail.  |f 1  |g 0  |h N  |i 0  |k 1 
TYP |a Printed language 
980 |a Mạng thư viện Đại học Đà Nẵng